Viajeros 3 : los pioneros /
Guardado en:
| Autor Principal: | |
|---|---|
| Otros Autores: | , , , , , |
| Formato: | Libro |
| Publicado: |
Buenos Aires :
Asís,
1996
|
| Materias: | |
| Etiquetas: |
Agregar Etiqueta
Sin Etiquetas, Sea el primero en etiquetar este registro!
|
| LEADER | 01214nam a22003495a 4500 | ||
|---|---|---|---|
| 001 | CEM.cems012484 | ||
| 005 | 20070419153429.0 | ||
| 008 | 130507s1996##################000#0#####d | ||
| 003 | CEMS | ||
| 020 | |a 9879573625 | ||
| 082 | 0 | 4 | |a 372.24 |
| 100 | 1 | |a González, Raúl | |
| 245 | 1 | 0 | |a Viajeros 3 : |b los pioneros / |c Raúl González ; ruth Kaufman ; patricia Somoza ; gustavo Iaies ; gabriel Serafini ; adriana Díaz ; mirta Ludueña |
| 260 | |a Buenos Aires : |b Asís, |c 1996 | ||
| 300 | |a 213 p. | ||
| 500 | |a Libro de lectura con interrelación de áreas | ||
| 653 | |a Biblioteca maría de los angeles saggio | ||
| 653 | |a Educación primaria | ||
| 653 | |a Lengua-1º egb | ||
| 653 | |a Ortografía-1º egb | ||
| 653 | |a Ciencias naturales-1º egb | ||
| 653 | |a Ciencias sociales-1º egb | ||
| 653 | |a Tecnología-1º egb | ||
| 653 | |a Antología literaria-1º egb | ||
| 700 | 1 | |a Kaufman, Ruth | |
| 700 | 1 | |a Somoza, Patricia | |
| 700 | 1 | |a Iaies, Gustavo | |
| 700 | 1 | |a Serafini, Gabriel | |
| 700 | 1 | |a Díaz, Adriana | |
| 700 | 1 | |a Ludueña, Mirta | |
| 859 | |a CEMS |b BIB. CEMS - 11 de abril |h 372.24 |i V65 |p 23701.07 |t Ej.1 |v 3º |3 3º | ||
| 859 | |a CEMS |b BIB. CEMS - 11 de abril |h 372.24 |i V65 |p 23834.07 |t Ej.2 |v 3º |3 3º | ||
